| 000 | 00726nam a2200217Ia 4500 | ||
|---|---|---|---|
| 003 | GCL | ||
| 008 | 140319s9999 xx 000 0 ara d | ||
| 040 |
_aGCL / _cGCL |
||
| 082 | 0 | 4 |
_a810.9 _bم ج |
| 100 | 1 | _aمحمد عبدالمطلب | |
| 245 | 1 | 0 |
_aجدلية الافراد والتركيب فى النقد العربى القديم / _cمحمد عبدالمطلب |
| 260 |
_a[S.N] : _bالشركة المصرية العالمية للنشر _ لونجمان ، _c1995 |
||
| 300 | _a328 ص | ||
| 490 |
_aادبيات _v0 |
||
| 650 | 0 | 4 | _aالادب العربى |
| 650 | 0 | 4 | _aالنقد |
| 650 | 0 | 4 | _aالبلاغة العربية |
| 650 | 0 | 4 | _aالاسلوب |
| 650 | 0 | 4 | _aتاريخ ونقد |
| 942 |
_2ddc _cBK |
||
| 999 |
_c37421 _d37421 |
||